Hố lượng tử - vật lý và điện tử học các hệ hai chiều /
שמור ב:
| מחבר ראשי: | |
|---|---|
| מחברים אחרים: | |
| פורמט: | Sách giấy |
| שפה: | Vietnamese |
| יצא לאור: |
H. :
Khoa học Kỹ thuật,
2002
|
| נושאים: | |
| תגים: |
הוספת תג
אין תגיות, היה/י הראשונ/ה לתייג את הרשומה!
|
| Thư viện lưu trữ: | Thư viện Trường Đại học Đà Lạt |
|---|
| LEADER | 00938nam a2200349 4500 | ||
|---|---|---|---|
| 001 | DLU060052302 | ||
| 003 | ##DLU | ||
| 005 | ##20060417 | ||
| 008 | ##021230t vn z000 vie d | ||
| 040 | # | # | |a DLU |b vie |
| 041 | # | # | |a vie |
| 044 | # | # | |a vn |
| 082 | # | # | |a 539 |b SH-A |
| 100 | # | # | |a Shik, A.Ya. |
| 245 | # | # | |a Hố lượng tử - vật lý và điện tử học các hệ hai chiều / |c A.Ya. Shik; Lê Tuấn dịch |
| 260 | # | # | |a H. : |b Khoa học Kỹ thuật, |c 2002 |
| 300 | # | # | |a 128 tr. ; |c 21 cm |
| 504 | # | # | |a Tài liệu tham khảo :tr.122-124 |
| 653 | # | # | |a Hố lượng tử |
| 653 | # | # | |a Vật lý hiện đại |
| 653 | # | # | |a Vật lý lượng tử |
| 700 | # | # | |a Lê Tuấn |e dịch |
| 923 | # | # | |a 03/2006 |
| 992 | # | # | |a 11.000 |
| 994 | # | # | |a DLU |
| 900 | # | # | |a True |
| 911 | # | # | |a Đào Thị Thu Huyền |
| 925 | # | # | |a G |
| 926 | # | # | |a A |
| 927 | # | # | |a SH |
| 980 | # | # | |a Thư viện Trường Đại học Đà Lạt |